书目信息 |
| 题名: |
Pro/ENGINEER中文野火版2.0教程
|
|
| 作者: | 杨峰 编著 | |
| 分册: | ||
| 出版信息: | 北京 清华大学出版社 2005.7 |
|
| 页数: | 286页 | |
| 开本: | 26cm | |
| 丛书名: | ||
| 单 册: | ||
| 中图分类: | TH122-43 | |
| 科图分类: | ||
| 主题词: | 机械设计--ji xie she ji--计算机辅助设计--应用软件--教材 , 计算机辅助设计--ji suan ji fu zhu she ji | |
| 电子资源: | ||
| ISBN: | 7-302-10870-6 | |
| 000 | 00991cam0 2200277 450 | |
| 001 | 012005045346 | |
| 005 | 20051125154615.21 | |
| 010 | @a7-302-10870-6@dCNY34.00(含光盘) | |
| 010 | @a7-89494-716-4@b光盘 | |
| 100 | @a20050716e2005 em y0chiy0121 ea | |
| 101 | 0 | @achi |
| 102 | @aCN@b110000 | |
| 105 | @ay z 000yy | |
| 200 | 1 | @aPro/ENGINEER中文野火版2.0教程@APro/ENGINEER zhong wen ye huo ban 2.0 jiao cheng@e产品设计@f杨峰编著 |
| 210 | @a北京@c清华大学出版社@d2005.7@h2005.8重印 | |
| 215 | @a286页@d26cm@e光盘1片 | |
| 300 | @aPro/ENGINEER中文野火版教程 | |
| 330 | @a本书介绍了Pro/ENGINEER软件在机械、钣金、塑料制品和模具设计中的具体应用,并对相关行业进行讲解。 | |
| 606 | 0 | @a机械设计@Aji xie she ji@x计算机辅助设计@x应用软件@j教材 |
| 606 | 0 | @a计算机辅助设计@Aji suan ji fu zhu she ji |
| 610 | 0 | @aPro/ENGINEER |
| 690 | @aTH122-43@v4 | |
| 701 | 0 | @a杨峰@Ayang feng@4编著 |
| 801 | 0 | @aCN@bSRXX@c20051125 |
| 801 | 2 | @aCN@bSRXX@c20051110 |
| 905 | @a10447@dTH122-43@eY172 | |
| Pro/ENGINEER中文野火版2.0教程:产品设计/杨峰编著.-北京:清华大学出版社,2005.7(2005.8重印) |
| 286页;26cm+光盘1片 |
| Pro/ENGINEER中文野火版教程 |
| ISBN 7-302-10870-6:CNY34.00(含光盘) |
| 本书介绍了Pro/ENGINEER软件在机械、钣金、塑料制品和模具设计中的具体应用,并对相关行业进行讲解。 |
| ● |
| 相关链接 |
|
|
|
正题名:Pro/ENGINEER中文野火版2.0教程
索取号:TH122-43/Y172
 
预约/预借
| 序号 | 登录号 | 条形码 | 馆藏地/架位号 | 状态 | 备注 |
| 1 | 544672 | 205446720 | 自科库501/501自科库 34排4列1层/ [索取号:TH122-43/Y172] | 在馆 | |
| 2 | 544673 | 205446739 | 自科二线400A/400A自科库 28排3列3层/ [索取号:TH122-43/Y172] | 在馆 | |
| 3 | 544674 | 205446748 | 自科库501/501自科库 34排4列1层/ [索取号:TH122-43/Y172] | 在馆 |